Statistiques concernant Présidentielle 1981

Cliquez ici pour prendre le quiz!

Statistiques générales

  • Ce quiz a été pris 41 fois
  • Le résultat moyen est 6 sur 10

Statistiques - réponses

#Candidat(e)Score% Correct
1François Mitterrand25,85 %51,76 %
100%
2Valéry Giscard d'Estaing28,32 %48,24 %
95%
3Jacques Chirac18,00 %
90%
6Arlette Laguiller2,30 %
67%
4Georges Marchais15,35 %
67%
8Michel Debré1,66 %
38%
5Brice Lalonde3,88 %
36%
9Marie-France Garaud1,33 %
28%
7Michel Crépeau2,21 %
21%
10Huguette Bouchardeau1,10 %
18%

Distribution des résultats

Percentile par nombre de réponses

% des personnes avec chaque résultat

Votre développement - résultats

Vous n’avez pas pris ce quiz